Essential Surgical Practic/ (Record no. 35559)

MARC details
000 -LEADER
fixed length control field 00496nam a22001937a 4500
005 - DATE AND TIME OF LATEST TRANSACTION
control field 20240422121835.0
008 - FIXED-LENGTH DATA ELEMENTS--GENERAL INFORMATION
fixed length control field 240422b |||||||| |||| 00| 0 eng d
020 ## - INTERNATIONAL STANDARD BOOK NUMBER
ISBN 9781444137637
082 ## - DEWEY DECIMAL CLASSIFICATION NUMBER
Classification number 615
Item number CUS-E
100 ## - MAIN ENTRY--AUTHOR
Author Name Cuschieri Alfred
245 ## - TITLE STATEMENT
Title Essential Surgical Practic/
250 ## - EDITION STATEMENT
Edition statement 5th ed.
260 ## - PUBLICATION, DISTRIBUTION, ETC.
Place of Publication USA:
Name of publisher, distributor, etc. tayler frances;
Date of publication, distribution, etc. 2015.
300 ## - PHYSICAL DESCRIPTION
Pages viii,1064p.
500 ## - GENERAL NOTE
General note include index.
650 ## - SUBJECT ADDED ENTRY--TOPICAL TERM
Subject / Department Medical / Surgery
700 ## - ADDED ENTRY--PERSONAL NAME
Personal name George Hanna B
300 ## - PHYSICAL DESCRIPTION
-- ill:
-- 27cm.

No items available.

Powered by Koha